000 01005nam a22002297a 4500
005 20240530110501.0
008 150706s2011 ua coo f b 000 0 ara d
040 _aEG-CaGPL
082 0 4 _221
_a709.0332\
_bث ف
100 0 _aثروت عكاشه .
245 1 0 _aفنون عصر النهضة /
_cثروت عكاشه .
_nجزء اول :
_pالرينيسانس
_nجزء ثانى :
_pالباروك
_nجزء ثالث :
_pالروكوكو
250 _aط3.
260 _aالقاهرة :
_bالهيئة المصرية العامة للكتاب ،
_c2011 .
300 _a3 جزء :
_bايض ؛
_c30 سم .
504 _aيشتمل على ارجاعات ببليوجرافية
650 0 4 _aالفن
_xتاريخ و نقد
_yعصر النهضة
650 0 4 _aالفن
_xتاريخ و نقد
_xالروكوكو
650 0 4 _aالفن
_xتاريخ و نقد
_xالرينيسانس
650 0 4 _aالفن
_xتاريخ و نقد
_xالباروك
942 _2ddc
_cBK
999 _c61480
_d61480